Resúmen del plan básico 1982-1988 y plataforma electoral.

Guardat en:
Dades bibliogràfiques
Autor corporatiu: Instituto de Estudios Políticos, Económicos y Sociales (IEPES)
Format: Llibre
Idioma:espanyol
Matèries:
Etiquetes: Afegir etiqueta
Sense etiquetes, Sigues el primer a etiquetar aquest registre!

MARC

LEADER 00000cam^a2200000uu^4500
001 000473209
005 20250521000000.0
008 050901s1981^^^^^^^^^^^^rd^r^^000^0^spa^d
009 20260310124708.622
035 |a FCE 000016044 
035 |a FCE 011922 
037 |a Acervo ITESO - Biblioteca 
041 |a spa 
082 0 4 |a 303.484  |b IEPESr 
110 |a Instituto de Estudios Políticos, Económicos y Sociales (IEPES),  |c México 
245 1 0 |a Resúmen del plan básico 1982-1988 y plataforma electoral. 
264 |a México :  |b IEPES,  |c 1981. 
300 |a 21 p. 
336 |a texto  |b txt  |2 rdacontenido 
337 |a sin mediación  |b n  |2 rdamedio 
338 |a volumen  |b nc  |2 rdasoporte 
649 |a XX 
650 |a Desarrollo social 
650 |a Gobierno 
650 |a Plan de desarrollo 
910 |a Fondo Centro de Estudios Educativos 
920 |a Impresos - Libros 
930 |a Fondos Especiales 
905 |a 133 
901 |a ALE011922  |b IT2  |c CEE  |u 20250521 
902 |a https://opac.biblio.iteso.mx/vufind/Record/000473209